Word Ladder: Konnichiwa Cat Quiz Stats

 Plays Quiz Updated Nov 22, 2016

Score 0/10 Timer 01:30
2 Plays Today
Hint 5-Letter Word % Correct
#1 hit for Adele in 2015HELLO
95.7%
Kraft gelatin dessertJELL-O
95.6%
Itty ___BITTY
94.8%
___ Roger flagJOLLY
89.5%
PreserveJELLY
89%
Red-berried evergreenHOLLY
88.6%
Young male goatBILLY
85.8%
What a rolling landscape isHILLY
84.9%
URL shortening serviceBITLY
78.9%
Pool of small cash amountsKITTY
65.7%

Today's Daily Dose

You're not logged in!

Compare scores with friends on all Sporcle quizzes.
OR
Log In

Show Comments

Extras

Top Quizzes Today


Score Distribution

Your Account Isn't Verified!

In order to create a playlist on Sporcle, you need to verify the email address you used during registration. Go to your Sporcle Settings to finish the process.

Report this User

Report this user for behavior that violates our Community Guidelines.

Details: